Most populous counrtries - Statistics

General Stats
  • This quiz has been taken 20 times
  • The average score is 18 of 20
Answer Stats
Population Answer % Correct
1.4B China
100%
100M Egypt
100%
1.3B India
100%
126M Japan
100%
163M Bangladesh
94%
211M Brazil
94%
271M Indonesia
94%
82M Iran
94%
128M Mexico
94%
202M Nigeria
94%
217M Pakistan
94%
329M United States
94%
82M Germany
89%
145M Russia
89%
69M Thailand
89%
82M Turkey
89%
96M Vietnam
83%
112M Ethiopia
78%
108M The Philippines
72%
87M The Democratic Republic Of The Congo
17%
No matching quizzes found
Score Distribution
Percent of People with Each Score
Percentile by Number Answered
Your Score History
You have not taken this quiz